| 000 | 03811cgm a2200709Ii 4500 | ||
|---|---|---|---|
| 001 | on1223531479 | ||
| 003 | OCoLC | ||
| 005 | 20211013145021.0 | ||
| 008 | 201123s2019 cau175 vleng d | ||
| 040 |
_aAL5PX _beng _cAL5PX _dOCLCO _dOCL _dWACOL |
||
| 024 | 1 | _a031398324089 | |
| 035 | _a(OCoLC)1223531479 | ||
| 092 |
_aDVD _bChr |
||
| 049 | _aWACL | ||
| 245 | 0 | 2 |
_aChristmas a la mode ; You light up my Christmas / _cLifetime. |
| 246 | 3 | _aYou light up my Christmas | |
| 264 | 1 |
_aSanta Monica, California : _bLionsgate, _c2019 |
|
| 300 |
_a1 videodisc (175 min.) : _bsound, color ; _c4 3/4 in. |
||
| 336 | _atwo-dimensional moving image | ||
| 337 | _avideo | ||
| 338 | _avideodisc | ||
| 344 |
_adigital _2rdatr |
||
| 344 |
_boptical _2rdarm |
||
| 344 |
_gsurround _2rdacpc |
||
| 344 | _hDolby digital 2.0 | ||
| 346 |
_bNTSC _2rdabs |
||
| 347 |
_avideo file _2rdaft |
||
| 347 |
_eregion _2rdare |
||
| 347 | _bDVD video | ||
| 380 |
_aMade-for-TV movies _2lcgft |
||
| 490 | 1 | _aLifetime double feature | |
| 500 | _aLifetime double feature. | ||
| 538 | _aDVD; Dolby digital 2.0. | ||
| 546 | _aSubtitled for the deaf and hard of hearing (SDH). | ||
| 500 | _aTitle from container. | ||
| 511 | 1 | _aChristmas A La Mode: Katie Leclerc, Ryan Cooper. | |
| 511 | 1 | _aYou Light Up My Christmas: Kim Fields, Adrian Holmes. | |
| 500 | _aWidescreen (1.78:1). | ||
| 521 | 8 | _aRating: TV-PG. | |
| 520 | _aChristmas A La Mode: When a handsome stranger, Charlie, visits the family dairy run by Emily during Christmastime, Emily has to hide her attraction to him when it turns out he works with her ruthless sister who plans to sell the farm. Emily dreams up an ingenious plan to buy her sister out -- an online ice-cream flavor contest that goes viral -- but it's up to Charlie to supply the key ingredient...and a recipe for romance. | ||
| 520 | _aYou Light Up My Christmas: Emma (Kim Fields) returns to her hometown built around her family's pioneer Christmas Light factory to find the lights dim in the once festive town. Emma reconnects with her old flame and they set out to fulfill her father's dream of creating the brightest light, as both the town and their hearts are set ablaze by the joys of Christmas. Lisa Whelchel, Mindy Cohn, and Nancy McKeon -- who costarred with Fields in the iconic TV series "The Facts of Life" -- reunite as new characters in this charming holiday film inspired by true events. | ||
| 505 | 0 | 0 |
_tChristmas A La Mode / _rwritten and directed by John Stimpson; directed _g(2019) (88 min.) -- _tYou Light Up My Christmas _r/ written by Barbara Kymlicka; directed by Rhonda F. Baraka _g(2019) (87 min.). |
| 521 |
_aDVD _bDonation |
||
| 650 | 0 |
_aFamily farm _vDrama. _96430128 |
|
| 650 | 0 |
_aFamily-owned business enterprises _vDrama. _95692310 |
|
| 650 | 0 |
_aMan-woman relationships _vDrama. _95673977 |
|
| 650 | 7 |
_aMan-woman relationships. _2fast _0(OCoLC)fst01007080 |
|
| 650 | 7 |
_aFamily-owned business enterprises. _2fast _0(OCoLC)fst00920575 |
|
| 650 | 7 |
_aFamily farm. _2fast _96430129 |
|
| 650 | 7 |
_aFamily business. _2fast _96430130 |
|
| 655 | 7 |
_aDrama. _2fast _0(OCoLC)fst01423879 |
|
| 655 | 7 |
_aChristmas films. _2fast _0(OCoLC)fst01710287 _95675361 |
|
| 655 | 7 |
_aFiction films. _2fast _0(OCoLC)fst01710264 |
|
| 655 | 7 |
_aMade-for-TV movies. _2fast _0(OCoLC)fst01710404 |
|
| 655 | 7 |
_aRomance films. _2fast _0(OCoLC)fst01710332 _95675183 |
|
| 655 | 7 |
_aVideo recording for the hearing impaired. _2fast _96430131 |
|
| 710 | 2 |
_aLions Gate Entertainment (Firm), _epublisher. _95675069 |
|
| 730 | 0 | 2 |
_iContainer of (work): _aChristmas A La Mode (Motion picture) _96430132 |
| 730 | 0 | 2 |
_iContainer of (work): _aYou Light Up My Christmas (Motion picture) _96430133 |
| 830 | 0 | _aLifetime double feature. | |
| 994 |
_aC0 _bWACOL |
||
| 999 |
_c366108 _d366108 |
||